[Event "ROM-ch U10 Boys"]
[Site "Voineasa"]
[Date "2008.04.13"]
[Round "2"]
[White "Hoha, Mihai"]
[Black "Otoiu, Marian Cristian"]
[Result "0-1"]
[WhiteElo "401"]
[BlackElo "660"]
[PlyCount "60"]
[EventDate "2008.04.08"]
[EventType "swiss"]
[EventRounds "9"]
[EventCountry "ROU"]
[SourceTitle "EXT 2013"]
[Source "ChessBase"]
[SourceDate "2012.11.22"]
[SourceVersion "1"]
[SourceVersionDate "2012.11.22"]
[SourceQuality "1"]

1. e4 e6 2. d4 d5 3. e5 c5 4. c3 Qb6 5. Nf3 Nc6 6. a3 a5 7. Ng5 h6 8. Qh5 g6 9. Qh4 Be7 10. Be2 cxd4 11. 0-0 dxc3 12. bxc3 Nxe5 13. Qf4 Bf6 14. Nf3 Nxf3+ 15. Bxf3 Bd7 16. Be3 Qd8 17. Bd4 Bxd4 18. Qxd4 Qf6 19. Qb6 Bc6 20. Be2 Qd8 21. Qd4 Nf6 22. Bg4 0-0 23. Nd2 Nxg4 24. Qxg4 Qg5 25. Qd4 e5 26. Qd3 d4 27. Ne4 Qf5 28. f3 Rac8 29. g4 Bxe4 30. Qxe4 Qf6 0-1

[Event "ROM-ch U10 Boys"]
[Site "Voineasa"]
[Date "2008.04.13"]
[Round "3"]
[White "Sora, Mihai Alexandru"]
[Black "Hoha, Mihai"]
[Result "0-1"]
[WhiteElo "401"]
[BlackElo "401"]
[PlyCount "64"]
[EventDate "2008.04.08"]
[EventType "swiss"]
[EventRounds "9"]
[EventCountry "ROU"]
[SourceTitle "EXT 2013"]
[Source "ChessBase"]
[SourceDate "2012.11.22"]
[SourceVersion "1"]
[SourceVersionDate "2012.11.22"]
[SourceQuality "1"]

1. d4 d5 2. Nc3 Nf6 3. Bg5 g6 4. Bxf6 exf6 5. e3 Nc6 6. Bb5 a6 7. Bxc6+ bxc6 8. Nf3 a5 9. 0-0 Ba6 10. Re1 g5 11. h3 Qd7 12. e4 g4 13. hxg4 Qxg4 14. Nh2 Qf4 15. Qc1 Qh4 16. Qd1 Bd6 17. g3 Qh3 18. Qg4 Bc8 19. Qxh3 Bxh3 20. g4 Rg8 21. f3 h5 22. exd5+ Kd7 23. dxc6+ Kxc6 24. Ne4 hxg4 25. fxg4 Bxg4 26. Nxg4 Rxg4+ 27. Kf2 Rf4+ 28. Kg3 Rg8+ 29. Ng5 Rxg5+ 30. Kh3 Rxd4 31. c3 Rg3+ 32. Kh2 Rh4# 0-1